San Jose International Airport Destinations (San Jose, CA, USA) - Statistics

General Stats
  • This quiz has been taken 91 times
    42 since last reset
  • The average score is 29 of 39
Answer Stats
Airline Destination % Correct
Southwest Airlines Chicago (Midway)
100%
United Airlines Chicago (O'Hare)
100%
Alaska Airlines/Southwest Airlines San Diego
100%
Delta Air Lines Atlanta
97%
Southwest Airlines Dallas (Love)
97%
Frontier Airlines/Southwest Airlines/United Airlines Denver
97%
Alaska Airlines/Delta Connection/Southwest Airlines Los Angeles
97%
American Airlines/American Eagle/Southwest Airlines Phoenix (Sky Harbor)
97%
Delta Air Lines/Delta Connection/Southwest Airlines Salt Lake City
97%
Alaska Airlines/Delta Connection/Southwest Airlines Seattle/Tacoma
97%
American Airlines Dallas/Fort Worth
94%
Hawaiian Airlines/Southwest Airlines Honolulu
94%
Frontier Airlines/Southwest Airlines Las Vegas
94%
Alaska Airlines/Southwest Airlines Portland (OR)
94%
Southwest Airlines Houston (Hobby)
90%
United Airlines Houston (Intercontinental)
90%
Southwest Airlines Austin
84%
Delta Air Lines Minneapolis/St. Paul
84%
Alaska Airlines/Southwest Airlines Boise
81%
Zipair Tokyo Tokyo (Narita)
81%
Southwest Airlines Reno/Tahoe
74%
Hawaiian Airlines/Southwest Airlines Kahului
71%
Southwest Airlines Ontario
68%
Southwest Airlines/Spirit Airlines Burbank
65%
Alaska Airlines/Volaris Guadalajara
65%
Southwest Airlines Orange County
65%
Southwest Airlines Baltimore
61%
Alaska Airlines Lihue
61%
Southwest Airlines Palm Springs
61%
Southwest Airlines Spokane
58%
Alaska Airlines Kailua-Kona
55%
Southwest Airlines Long Beach
55%
Alaska Airlines San José del Cabo
55%
Southwest Airlines Eugene
42%
Volaris León/Del Bajío
42%
Southwest Airlines Nashville
42%
Alaska Airlines Puerto Vallarta
39%
Volaris Morelia
35%
Volaris Zacatecas
32%
No matching quizzes found
Score Distribution
Percent of People with Each Score
Percentile by Number Answered
Your Score History
You have not taken this quiz since the last reset